000 00548nab a2200193 a 4500
005 20210219155508.0
008 991125s1985 mx 000 0 spa u
035 _aUPN01000146394
100 1 _aPozo, Juan Ignacio
222 _aCULTURA Y EDUCACION
245 _aLa ayuda pedagógica : cuando para resolver un problema antes hay que crearlo
260 _aMadrid, España
300 _a295-298
362 0 _a2001 Vol. 13, no. 3
653 0 _aASESORIA
653 0 _aINTERACCION MAESTRO-ALUMNO
653 0 _aAPRENDIZAJE
905 _aArticulo
999 _c118540
_d118540